| 000 | 00470nam a2200169Ia 4500 | ||
|---|---|---|---|
| 008 | 151213s9999 xx 000 0 und d | ||
| 020 | _a984643166 - X | ||
| 100 | _adr. Binoy Barman & Zakia Sultana | ||
| 245 |
_aELT. Theory & Practice _cdr. Binoy Barman & Zakia Sultana |
||
| 250 | _a1 s | ||
| 260 |
_aDhaka _bFriend's Book Corner _c2006 |
||
| 300 | _a4165 p. | ||
| 650 | _aEnglish | ||
| 650 | _aEnglish | ||
| 700 | _adr. Binoy Barman & Zakia Sultana | ||
| 999 |
_c2591 _d2591 |
||